[Event "EU-ch U20"]
[Site "Siofok"]
[Date "1996.??.??"]
[Round "8"]
[White "Sirigos, Nikolaos"]
[Black "Mifsud, Timothy"]
[Result "0-1"]
[WhiteElo "2290"]
[BlackElo "2230"]
[PlyCount "78"]
[EventDate "1996.08.??"]
[EventType "swiss"]
[EventRounds "11"]
[EventCountry "HUN"]
[SourceTitle "Juniors"]
[Source "ChessBase"]
[SourceDate "1999.07.01"]
[SourceVersion "1"]
[SourceVersionDate "1999.07.01"]
[SourceQuality "1"]

1. Nf3 d5 2. b3 Bf5 3. Bb2 e6 4. e3 Nf6 5. c4 Be7 6. Nc3 0-0 7. d4 c6 8. Be2 Nbd7 9. 0-0 Ne4 10. Nxe4 Bxe4 11. Nd2 Bg6 12. Bf3 Bd6 13. Qe2 Re8 14. e4 e5 15. cxd5 cxd5 16. Qb5 dxe4 17. Nxe4 Bxe4 18. Bxe4 exd4 19. Bxb7 Rb8 20. Qd5 Nf6 21. Qf3 Qc7 22. Bc6 Bxh2+ 23. Kh1 Re5 24. Bxd4 Rh5 25. Bxf6 Rh6 26. g3 Bxg3+ 27. Kg2 Rxf6 28. fxg3 Rxf3 29. Bxf3 Qa5 30. Rfd1 g6 31. Rd7 Rxb3 32. axb3 Qxa1 33. Bd5 Qb2+ 34. Kg1 Qd4+ 35. Kg2 Kf8 36. Bc6 Qb2+ 37. Kh3 Qxb3 38. Bd5 Qb5 39. Rxf7+ Ke8 0-1

[Event "GRE-ch95"]
[Site "Greece"]
[Date "1996.??.??"]
[Round "4"]
[White "Sirigos, Nikolaos"]
[Black "Vragoteris, Antonios"]
[Result "0-1"]
[WhiteElo "2285"]
[BlackElo "2330"]
[PlyCount "80"]
[EventDate "1996.??.??"]
[EventType "tourn"]
[EventRounds "9"]
[EventCountry "GRE"]
[EventCategory "5"]
[SourceTitle "CBM 051 Extra"]
[Source "ChessBase"]
[SourceDate "1996.05.01"]
[SourceVersion "1"]
[SourceVersionDate "1996.05.01"]
[SourceQuality "1"]

1. e4 c5 2. Nf3 Nc6 3. d4 cxd4 4. Nxd4 Nf6 5. Nc3 d6 6. Bg5 Qb6 7. Bxf6 gxf6 8. Nb3 e6 9. Qd2 Bd7 10. f4 Rc8 11. Be2 a6 12. Bh5 Na5 13. 0-0-0 Nc4 14. Qd4 Qxd4 15. Nxd4 b5 16. Rhe1 b4 17. Nb1 Ke7 18. Nd2 Bh6 19. g3 Rc5 20. Nxc4 Rxc4 21. Kb1 Rc5 22. Be2 Ra8 23. Rd3 a5 24. Red1 a4 25. Bf3 Ra6 26. Rc1 a3 27. bxa3 Rxa3 28. Rxa3 bxa3 29. c4 f5 30. exf5 Bg7 31. Nb3 Rxf5 32. Bg4 e5 33. Re1 Rf6 34. Bxd7 Kxd7 35. fxe5 Rf2 36. Rc1 Bxe5 37. Rc2 Rf1+ 38. Nc1 Kc6 39. c5 dxc5 40. Rc4 Bb2 0-1